Matematika pre gymnázia 5

Gespeichert in:
Bibliographische Detailangaben
Hauptverfasser: Medek, Václav (Verfasst von), Sivošová, A. (Verfasst von)
Format: Buch
Sprache:Slowakisch
Veröffentlicht: Bratislava : Slovenské pedagogické nakladateľstvo, 1979
Tags: Tag hinzufügen
Keine Tags, Fügen Sie das erste Tag hinzu!

MARC

LEADER 00000nam a22000003a 4500
001 stu141658
005 20150617225929.6
008 070523s1979----cs------------------slo-d
040 |a STU  |b slo 
041 0 |a slo 
044 |a cs 
080 |a 51(075.3) 
100 1 |a Medek, Václav  |4 aut 
245 1 |a Matematika pre gymnázia 5 
260 |a Bratislava :  |b Slovenské pedagogické nakladateľstvo,  |c 1979 
300 |a 187 s 
700 1 |a Sivošová, A.  |4 aut 
996 |b E46104  |c E*46104  |l EE03  |s P  |a 0  |w stu141658_0001